000 00372nam a22001577a 4500
003 OSt
008 250501b |||||||| |||| 00| 0 eng d
020 _a9788129135513
100 _aBHAGAT,Chetan
245 _aThe 3 Mistakes Of My Life
250 _a165th imp
260 _aNew Delhi
_bRupa, Publications
_c2024
300 _a257
650 _aGeneral
942 _2ddc
_cBK
999 _c13480
_d13480